000 005090000a22001930004500
003 LK-CoMWRAF
005 20231020115149.0
008 230817t2002 ||||| |||| 00| 0 eng d
020 _a19039751213
040 _aLK-CoMWRAF
_dLK-CoMWRAF
_eLK-CoMWRAF
041 _aeng
082 _a745.5933
_bCON
100 _aConstable, David
245 _aGel Candles
260 _aTunbridge Wells:
_bSearch Press,
_c2002
300 _a48 p. : col. ill. ; 26 cm.
_bIndex included
650 _aCANDLEMAKING
942 _cBK
999 _c1300
_d1300